|
|
|
|
| LEADER |
01092cam a2200253 a 4500 |
| 001 |
0000098109 |
| 005 |
20080714090000.0 |
| 040 |
|
|
|a mod
|
| 041 |
|
|
|a eng
|
| 020 |
0 |
0 |
|a 9780415431736
|
| 090 |
0 |
0 |
|a 355.03354
|b EUR
|e 2007
|
| 245 |
1 |
0 |
|a European security and defence policy
|b an implementation perspective
|c Edited by Michael Merlingen and Rasa Ostrauskaite.
|
| 260 |
0 |
0 |
|a New York, NY
|b Routledge
|c 2007.
|
| 300 |
|
|
|a xviii, 226 p.
|c 24 cm.
|
| 440 |
0 |
0 |
|a Routledge advances in European politics
|
| 504 |
0 |
0 |
|a Includes bibliographical references and index.
|
| 610 |
0 |
0 |
|a North Atlantic Treaty Organization
|x Congresses.
|
| 650 |
0 |
0 |
|a National security
|z Europe
|x International cooperation
|x Congresses.
|
| 700 |
1 |
1 |
|a Ostrauskaite
|h Rasa
|y 1974-
|
| 700 |
1 |
1 |
|a Merlingen
|h Michael
|y 1964-
|
| 852 |
0 |
0 |
|a 01
|
| 999 |
|
|
|a 0269655
|b KEMENTAH
|d BOOKS
|e Rujukan
|f Perpustakaan KEMENTAH
|j AVAILABLE
|q GOOD CONDITION
|
| 999 |
|
|
|a 1000009715
|b Maktab Pertahanan Angkatan Tentera
|d BOOKS
|e Umum
|f MPAT
|j AVAILABLE
|q GOOD CONDITION
|
| 999 |
|
|
|a 1000009716
|b Maktab Pertahanan Angkatan Tentera
|d BOOKS
|e Umum
|f MPAT
|j AVAILABLE
|q GOOD CONDITION
|